Golden Globe Winners for Best Actor in a TV Series - Drama - Statistics

General Stats
  • This quiz has been taken 52 times
  • The average score is 24 of 56
Answer Stats
Year Program Actor % Correct
2013 Breaking Bad Bryan Cranston
93%
2015 Mad Men Jon Hamm
89%
2007 Mad Men Jon Hamm
89%
2014 House of Cards Kevin Spacey
84%
2022 Yellowstone Kevin Costner
77%
2023 Succession Kieran Culkin
77%
2006 House Hugh Laurie
75%
2005 House Hugh Laurie
75%
1999 The Sopranos James Gandolfini
73%
2001 24 Kiefer Sutherland
73%
2000 The West Wing Martin Sheen
73%
2009 Dexter Michael C. Hall
66%
2010 Boardwalk Empire Steve Buscemi
66%
2019 Succession Brian Cox
64%
1996 The X-Files David Duchovny
61%
1984 Magnum, P.I. Tom Selleck
61%
2021 Succession Jeremy Strong
59%
2012 Homeland Damian Lewis
52%
2002 The Shield Michael Chiklis
50%
1972 Columbo Peter Falk
48%
1985 Miami Vice Don Johnson
43%
2017 This Is Us Sterling K. Brown
41%
1975 Kojak Telly Savalas
41%
1974 Kojak Telly Savalas
41%
1979 Lou Grant Ed Asner
36%
1977 Lou Grant Ed Asner
36%
1990 Twin Peaks Kyle MacLachlan
36%
1991 Quantum Leap Scott Bakula
36%
2003 Without a Trace Anthony LaPaglia
34%
1993 NYPD Blue David Caruso
34%
1994 NYPD Blue Dennis Franz
34%
2004 Deadwood Ian McShane
34%
1995 NYPD Blue Jimmy Smits
34%
1983 Dynasty John Forsythe
34%
1982 Dynasty John Forsythe
34%
2018 Bodyguard Richard Madden
34%
1997 ER Anthony Edwards
32%
1998 The Practice Dylan McDermott
32%
1980 Shōgun Richard Chamberlain
32%
1981 Hill Street Blues Daniel J. Travanti
30%
1986 The Equalizer Edward Woodward
30%
2020 The Crown Josh O'Connor
27%
1988 Beauty and the Beast Ron Perlman
27%
2011 Boss Kelsey Grammer
25%
1970 Mission: Impossible Peter Graves
23%
2016 Goliath Billy Bob Thornton
20%
1975 Baretta Robert Blake
20%
1971 Marcus Welby, M.D. Robert Young
20%
2008 In Treatment Gabriel Byrne
18%
1989 Wiseguy Ken Wahl
18%
1969 Mannix Mike Connors
18%
1978 Holocaust Michael Moriarty
11%
1987 A Year in the Life Richard Kiley
11%
1973 Hawkins James Stewart
9%
1976 Captains and the Kings Richard Jordan
9%
1992 I'll Fly Away Sam Waterston
9%
No matching quizzes found
Score Distribution
Percent of People with Each Score
Percentile by Number Answered
Your Score History
You have not taken this quiz